| 000 | 00743nam a22002291a 4500 | ||
|---|---|---|---|
| 008 | |||
| 020 | _a0675208815 (pbk.) | ||
| 049 | _aMAIN | ||
| 090 | _aTK7871 | ||
| 100 | 1 | _aBerlin, Howard M. | |
| 245 | 1 | 0 |
_aExperiments in electronic devices : _bto accompany Floyd, Electronic devices / _cHoward M. Berlin. |
| 250 | _a2nd ed. | ||
| 260 |
_aNew York : _bMerrill, _cc1988. |
||
| 300 |
_a315 p. : _bill. ; _c24 cm. |
||
| 440 | 0 | _aMerrill's international series in electrical and electronics technology. | |
| 650 | 0 |
_aSolid state electronics _vLaboratory manuals. |
|
| 907 |
_a.b10169982 _b16-08-05 _c29-07-05 |
||
| 003 | |||
| 005 | 20230123134042.0 | ||
| 040 | _cNUST | ||
| 942 |
_cBOOKS _kTK7871 |
||
| 999 |
_c159189 _d159189 |
||